000 00775nam a2200241 a 4500
001 67029
003 BD-RjUL
005 20211209081616.0
008 170321r19981997ii ao b 001 0 eng d
020 _a8123906005
035 _a(BD-RjUL)67160
040 _aDLC
_cDLC
_beng
_dBD-RjUL
041 _aeng
082 _223
_a631.521
_bMCS 1998
100 1 _aMcDonald, M. B.
_9198519
245 1 0 _aSeed production :
_bprinciples and practices /
_cMiller B. McDonald and Lawrence O. Copeland.
260 _aNew Delhi :
_bCBS Publidhers & Distributors,
_c1998.
300 _aviii, 749 p. :
_bill. ;
_c24 cm.
504 _aIncludes bibliographical references and index.
650 0 _aSeed technology
_9198520
700 1 _aCopeland, L. O.
_q(Lawrence O.),
_9198521
942 _2ddc
_cBK
999 _c67029
_d67029